Comparison of different irrigation techniques on tomato yield at crop station in royal university of agriculture ប្រៀបធៀបបច្ចេកទេសស្រោចស្រពខុសគ្នាលើទិន្នផលប៉េងប៉ោះនៅក្នុងស្ថានីយ៍ពិសោធន៍ដំណាំនៃសាកលវិទ្យាល័យភូមិន្ទកសិកម្ម (Record no. 1186)
[ view plain ]
| 000 -LEADER | |
|---|---|
| fixed length control field | 00792nam a22001577a 4500 |
| 003 - CONTROL NUMBER IDENTIFIER | |
| control field | OSt |
| 005 - DATE AND TIME OF LATEST TRANSACTION | |
| control field | 20150924141954.0 |
| 008 - FIXED-LENGTH DATA ELEMENTS--GENERAL INFORMATION | |
| fixed length control field | 150924b xxu||||| |||| 00| 0 eng d |
| 040 ## - CATALOGING SOURCE | |
| Transcribing agency | RUA |
| 082 ## - DEWEY DECIMAL CLASSIFICATION NUMBER | |
| Classification number | AGR KIN 2012 B051 Or.1 |
| 100 ## - MAIN ENTRY--PERSONAL NAME | |
| 9 (RLIN) | 1254 |
| Personal name | KIN, SOPHY. |
| 245 ## - TITLE STATEMENT | |
| Title | Comparison of different irrigation techniques on tomato yield at crop station in royal university of agriculture ប្រៀបធៀបបច្ចេកទេសស្រោចស្រពខុសគ្នាលើទិន្នផលប៉េងប៉ោះនៅក្នុងស្ថានីយ៍ពិសោធន៍ដំណាំនៃសាកលវិទ្យាល័យភូមិន្ទកសិកម្ម |
| 260 ## - PUBLICATION, DISTRIBUTION, ETC. (IMPRINT) | |
| Place of publication, distribution, etc. | Phnom Penh |
| Name of publisher, distributor, etc. | RUA |
| Date of publication, distribution, etc. | 2012 |
| 300 ## - PHYSICAL DESCRIPTION | |
| Extent | x; 43p. |
| Other physical details | ill. |
| Dimensions | 29cm. |
| 942 ## - ADDED ENTRY ELEMENTS (KOHA) | |
| Source of classification or shelving scheme | |
| Koha item type | AGR |
| Price effective from | Date last seen | Permanent Location | Not for loan | Date acquired | Source of classification or shelving scheme | Koha item type | Lost status | Withdrawn status | Date last checked out | Total Checkouts | Shelving location | Damaged status | Barcode | Current Location | Full call number |
|---|---|---|---|---|---|---|---|---|---|---|---|---|---|---|---|
| 2015-09-24 | 2020-07-29 | Library Block B | 2015-09-24 | AGR | 2020-07-10 | 2 | B051 | RUA000635 | Library Block B | AGR KIN 2012 B051 Or.1 | |||||
| 2015-09-24 | 2019-07-01 | Library Block B | 2015-09-24 | AGR | 2019-06-11 | 2 | B051 | RUA000779 | Library Block B | AGR KIN 2012 B051 Or.2 | |||||
| 2015-09-24 | 2020-11-25 | Library Block B | 2015-09-24 | AGR | 2020-11-11 | 1 | B051 | RUA000275 | Library Block B | AGR KIN 2012 B051 Or.3 | |||||
| 2015-09-25 | 2020-05-27 | Library Block B | 2015-09-25 | AGR | 2020-04-29 | 2 | RUA005650 | Library Block B | AGR KIN 2012 B051 Or.4 | ||||||
| 2015-09-25 | 2024-06-14 | Library Block B | 2015-09-25 | AGR | 2024-06-01 | 2 | B051 | RUA005914 | Library Block B | AGR KIN 2012 B051 Or.5 | |||||
| 2015-09-25 | 2023-11-24 | Library Block B | 2015-09-25 | AGR | 2023-11-14 | 4 | B051 | RUA009453 | Library Block B | AGR KIN 2012 B051 Or.6 |